| 000 | 00000nam##2200000za#4500 |
| 001 | 9.574214 |
| 003 | CaOODSP |
| 005 | 20210624184056 |
| 007 | cr ||||||||||| |
| 008 | 150406|2006||||xxc|||||o f|0| 0 eng|d |
| 022 | |a1488-5379 |
| 040 | |aCaOODSP|beng |
| 043 | |an-cn--- |
| 086 | 1 |aFs97-6/2664E-PDF |
| 110 | 1 |aCanada. |bDepartment of Fisheries and Oceans. |
| 245 | 10|aReview of approaches for estimating changes in productive capacity from whole-lake/stream destruction and related compensation projects / |h[electronic resource]|cby G. A. Packman ... [et al.]. |
| 260 | |aOttawa - Ontario : |bFisheries and Oceans Canada |c2006. |
| 300 | |a153p.|bfig., figs., references, tables |
| 490 | 1 |aCanadian technical report of fisheries and aquatic sciences|x1488-5379|v2664 |
| 500 | |aThe catalogue number (Fs 97-6/2664E) and ISSN (0706-6457) for the print edition have been incorrectly copied in this electronic publication. |
| 546 | |a(Résumé en français) |
| 590 | |a12-26-Supp|b2012-06-07 |
| 720 | 1 |aPackman, G.A. |
| 776 | 0#|tReview of approaches for estimating changes in productive capacity from whole-lake/stream destruction and related compensation projects / |w(CaOODSP)9.618851 |
| 830 | #0|aCanadian technical report of fisheries and aquatic sciences,|x1488-5379|v2664|w(CaOODSP)9.504449 |
| 856 | 40|ahttp://publications.gc.ca|qPDF|s310 KB |uhttps://publications.gc.ca/collections/collection_2012/mpo-dfo/Fs97-6-2664-eng.pdf|y2664 |